| 000 | 006420000a22002050004500 | ||
|---|---|---|---|
| 001 | 768714001 | ||
| 003 | CO-MdFUSB | ||
| 005 | 20170417172100.0 | ||
| 008 | 170417s2008 it ||||| |||| 00| 0 sp d | ||
| 022 | _a1126-8557 | ||
| 040 |
_aCO-MdFUSB _bspa _cCO-MdFUSB _dCO-MdFUSB |
||
| 041 | _aspa | ||
| 100 | 1 |
_aAntón, José María. _eautor |
|
| 245 | 1 | 0 | _aLa ley natural y los bienes que perfeccionan a la persona. |
| 300 |
_aVolumen 11, número 2, (2008), páginas 251-292 _c24 cm. |
||
| 546 | _aTexto en español | ||
| 650 | 1 | 4 | _aPLENITUD |
| 773 | 0 |
_tAlpha omega _049514 _961520 _gVolumen 11, número 2, (2008) _qpáginas 251-292 |
|
| 942 | _cANA | ||
| 999 |
_c63122 _d63122 |
||